Normal view
MARC view
- Calderón Barraza, Alor Alfonso
Entry Nombre Personal
001 - NUMERO DE CONTROL
- campo de control: 36494
003 - IDENTIFICADOR DE NUMERO DE CONTROL
- campo de control: UPN
005 - FECHA Y HORA DE LA ÜLTIMA TRANSACCIÓN
- campo de control: 20210219194515.0
008 - DATOS DE LONGITUD FIJA
- campo de control de longitud fija: nabaccnnaabn|||||||||| b |nc|||||d
035 ## - NUMERO DE CONTROL
- Número de control: UPN11000008601
040 ## - FUENTE DE CATALOGACIÓN
- Lenguaje de catalogación: SPA
- Agencia de transcripción: UPN
100 1# - ENCABEZAMIENTO - NOMBRE PERSONAL
- Nombre personal: Calderón Barraza, Alor Alfonso
400 1# - VEÁSE - NOMBRE DE PERSONA
- Personal name: Calderón B., Alor A.
670 ## - FUENTE EN LA QUE SE LOCALIZARON DATOS
- Cita de la fuente: T
- Uniform Resource Identifier: http://www.lavozdelnorte.com.mx/semanario/2013/10/27/adios-a-dona-maria-haydee-barraza-de-calderon/
902 ## - CATALOGADOR
- Catalogador: CAA/ 120215
